000 00664cab a2200217 4500
001 WB3145-09
008 090401t1995 xxu||||| |||| 00| 0 eng d
035 _a(Sirsi) u40666
041 _aeng
245 _aSniffing out dry rot
260 _c1995
350 _a0
490 _aTimes
_v29 November 1995, 49(1)
520 _aHutton + Rostron Environmental Investigations use `rot hounds` to discover dry rot in buildings.
650 _aDOGS
650 _aBUILT ENVIRONMENT-BUILDING PATHOLOGY-INFESTATION (FUNGAL)-FUNGI-DRY ROT
650 _aROT HOUNDS
690 _aBUILDING AND CONSTRUCTION-REPAIRS AND MAINTENANCE
942 _n0
948 _c04/03/1997
999 _c26061
_d26061